La poblacin̤

Bibliographic Details
Main Author: Rabell Romero, Cecilia
Format: eBook
Language:Spanish
Published: [Mx̌ico] : Nostra Ediciones, 2010.
Subjects:
Online Access:Acceso restringido

MARC

LEADER 00000nam a22000007a 4500
005 20110831115131.0
008 110831t2010 mx ||||s|||| 00| 0 spa d
020 |a 978-607-7603-59-7 
035 |a 5510 
040 |a vLex 
090 |c 2315  |d 2315 
100 1 |a Rabell Romero, Cecilia 
245 1 3 |a La poblacin̤  |c Cecilia Rabell Romero.  |h [Recurso electrn̤cio] / 
256 |a Servicio en ln̕ea. 
260 |a [Mx̌ico] :  |b Nostra Ediciones,  |c 2010. 
500 |a El crecimiento poblacional en Mx̌ico, que ha tenido un desarrollo y una influencia determinantes para la construccin̤ del perfil de nuestro pas̕, ha seguido un camino accidentado y diverso afectado por los diferentes eventos histr̤icos y los cambios ideolg̤icos: desde la Guerra de Independencia, el acelerado crecimiento demogrf̀ico de los aǫs setenta y hasta el proceso de envejecimiento que est ̀ocurriendo en nuestros da̕s, la poblacin̤ ha sufrido cambios importantes.  
506 1 |a Contenido solo disponible en los productos indicados  |d vLex Global  |d vLex Global (Academic Edition, excluding Law Schools)  |d vLex Global (U.S. Academic Edition, Law Schools)  |d vLex Global (U.S. Academic Edition, excluding Law Schools)  |d vLex Global (Academic Edition, Law Schools) 
650 0 4 |a Poblacin̤  |x Mx̌ico 
740 0 |a vLex Libros (Servicio en ln̕ea) 
856 4 0 |u http://vlex.com/source/poblacion-5510  |z Acceso restringido 
942 |c BOOK